<?xml version="1.0" encoding="UTF-8"?>
<record
    xmlns:xsi="http://www.w3.org/2001/XMLSchema-instance"
    xsi:schemaLocation="http://www.loc.gov/MARC21/slim http://www.loc.gov/standards/marcxml/schema/MARC21slim.xsd"
    xmlns="http://www.loc.gov/MARC21/slim">

  <leader>00673nam a2200205Ia 4500</leader>
  <controlfield tag="003">PILC </controlfield>
  <controlfield tag="005">20160926105458.0</controlfield>
  <controlfield tag="008">140910s9999    xx            000 0 und d</controlfield>
  <datafield tag="020" ind1=" " ind2=" ">
    <subfield code="a">9780198392125</subfield>
  </datafield>
  <datafield tag="050" ind1=" " ind2=" ">
    <subfield code="a">QD 40</subfield>
    <subfield code="b">.B993 2014</subfield>
  </datafield>
  <datafield tag="100" ind1=" " ind2=" ">
    <subfield code="a">Bylikin, Sergey.</subfield>
  </datafield>
  <datafield tag="245" ind1=" " ind2=" ">
    <subfield code="a">Chemistry :</subfield>
    <subfield code="b">course companion </subfield>
    <subfield code="c">Sergey bylikin, Gary Horner, Brian Murphy, David Tracy.</subfield>
  </datafield>
  <datafield tag="250" ind1=" " ind2=" ">
    <subfield code="a">2014 edition </subfield>
  </datafield>
  <datafield tag="260" ind1=" " ind2=" ">
    <subfield code="a">Oxford ; New York :</subfield>
    <subfield code="b">Oxford University Press,</subfield>
    <subfield code="c">c2014.</subfield>
  </datafield>
  <datafield tag="300" ind1=" " ind2=" ">
    <subfield code="a">802 pages :</subfield>
    <subfield code="b">colored, illustration ;</subfield>
    <subfield code="c">28 cm.</subfield>
  </datafield>
  <datafield tag="650" ind1=" " ind2=" ">
    <subfield code="a">Chemistry</subfield>
    <subfield code="x">Examinations -- Study guide.</subfield>
  </datafield>
  <datafield tag="650" ind1=" " ind2=" ">
    <subfield code="a">Internationa Bacculaureate.</subfield>
  </datafield>
  <datafield tag="700" ind1=" " ind2=" ">
    <subfield code="a">Horner, Gray </subfield>
  </datafield>
  <datafield tag="942" ind1=" " ind2=" ">
    <subfield code="c">BK</subfield>
    <subfield code="2">lcc</subfield>
  </datafield>
  <datafield tag="999" ind1=" " ind2=" ">
    <subfield code="c">275418</subfield>
    <subfield code="d">275418</subfield>
  </datafield>
  <datafield tag="952" ind1=" " ind2=" ">
    <subfield code="0">0</subfield>
    <subfield code="1">0</subfield>
    <subfield code="4">0</subfield>
    <subfield code="a">LUX</subfield>
    <subfield code="b">LUX</subfield>
    <subfield code="c">IB</subfield>
    <subfield code="d">2014-09-10</subfield>
    <subfield code="e">Library Fund</subfield>
    <subfield code="l">15</subfield>
    <subfield code="m">103</subfield>
    <subfield code="o">QD 40 .B993 2014</subfield>
    <subfield code="p">IB0158</subfield>
    <subfield code="r">2023-06-15 00:00:00</subfield>
    <subfield code="s">2022-12-13</subfield>
    <subfield code="w">2014-09-10</subfield>
    <subfield code="y">BK</subfield>
  </datafield>
  <datafield tag="952" ind1=" " ind2=" ">
    <subfield code="0">0</subfield>
    <subfield code="1">0</subfield>
    <subfield code="2">lcc</subfield>
    <subfield code="4">0</subfield>
    <subfield code="a">LUX</subfield>
    <subfield code="b">LUX</subfield>
    <subfield code="c">IB</subfield>
    <subfield code="d">2016-09-26</subfield>
    <subfield code="e">Library Fund</subfield>
    <subfield code="l">11</subfield>
    <subfield code="m">21</subfield>
    <subfield code="o">QD 40 .B993 2014</subfield>
    <subfield code="p">20333</subfield>
    <subfield code="r">2023-06-13 00:00:00</subfield>
    <subfield code="s">2022-12-16</subfield>
    <subfield code="w">2016-09-26</subfield>
    <subfield code="y">BK</subfield>
  </datafield>
</record>
